Central Library OPAC University of Rajshahi

পূর্ব বাংলার সমাজ ও রাজনীতি / (Record no. 68059)

MARC details
000 -LEADER
fixed length control field 00752nam a2200205 a 4500
001 - CONTROL NUMBER
control field 68059
003 - CONTROL NUMBER IDENTIFIER
rucl marc code BD-RjUL
005 - DATE AND TIME OF LATEST TRANSACTION
control field 20211209081727.0
008 - FIXED-LENGTH DATA ELEMENTS--GENERAL INFORMATION
fixed length control field 170330s1956 bg a b 001 0 eng d
035 ## - SYSTEM CONTROL NUMBER
System control number (BD-RjUL)68268
040 ## - CATALOGING SOURCE
Original cataloging agency BD-RjUL
Transcribing agency BD-RjUL
Language of cataloging eng
041 ## - LANGUAGE CODE
Language code of text/sound track or separate title eng
082 ## - DEWEY DECIMAL CLASSIFICATION NUMBER
Classification number 954.92
Edition number 23
Author mark and year AHP 1956
100 ## - MAIN ENTRY--PERSONAL NAME
Personal name আহ্‌মদ, কামরুদ্দীন
9 (RLIN) 229401
245 ## - TITLE STATEMENT
Title পূর্ব বাংলার সমাজ ও রাজনীতি /
Statement of responsibility, etc. কামরুদ্দীন আহ্‌মদ
260 ## - PUBLICATION, DISTRIBUTION, ETC. (IMPRINT)
Place of publication, distribution, etc. ঢাকা :
Name of publisher, distributor, etc. স্টুডেন্টস পাবলিকেশন,
Date of publication, distribution, etc. ১৯৫৬
300 ## - PHYSICAL DESCRIPTION
Pagination ১৯৯, (৬) ;
Size ২১ সেমি.
651 ## - SUBJECT ADDED ENTRY--GEOGRAPHIC NAME
Geographic name Bangladesh
General subdivision History
9 (RLIN) 229402
942 ## - ADDED ENTRY ELEMENTS (KOHA)
Source of classification or shelving scheme Dewey Decimal Classification
Koha item type Books
Holdings
Lost status Source of classification or shelving scheme Damaged status Not for loan Permanent Location Current Location Shelving location Date acquired Cost, normal purchase price Total Checkouts Full call number Date last seen Copy number Koha item type
  Dewey Decimal Classification   Not For Loan Central Library, University of Rajshahi Central Library, University of Rajshahi Reading Room 17/09/1973 5.00   B 954.92 AHP 1956 14/03/2019 C-1 Books